| 000 | 00389 a2200169 4500 | ||
|---|---|---|---|
| 001 | 170515 | ||
| 020 | _a85-08-04469-0 | ||
| 040 | _cMagnum | ||
| 100 | _aNovaes, Carlos Eduardo | ||
| 240 | 1 | 0 |
_aCasé: o jacaré que anda em pé _lpor |
| 245 | 1 | 0 | _aCasé: o jacaré que anda em pé |
| 300 | _a176 | ||
| 362 | 0 | _a2000 | |
| 440 | 1 | _aÁtica | |
| 697 | _aLITERATURA JUVENIL | ||
| 942 | _cBK | ||
| 999 |
_c170515 _d170515 |
||